| 000 | 01269nac a22002891u 4500 | ||
|---|---|---|---|
| 010 | _a 2005026713 | ||
| 020 | _a1412928133 (alk. paper) | ||
| 020 | _a1412928141 (pbk. : alk. paper) | ||
| 020 | _a9781412928144 (pbk. : alk. paper) | ||
| 035 | _a(OCoLC)ocm61684134 | ||
| 082 | 0 | 0 |
_a301 _bNEW |
| 090 |
_c8649 _d8649 |
||
| 100 | _aNewman, David M., | ||
| 245 | 1 | 0 |
_aSociology : exploring the architecture of everyday life / _bexploring the architecture of everyday life / _cDavid M. Newman. |
| 250 | _a6th ed. | ||
| 260 |
_aThousand Oaks : _bSAGE,2006. _cc2006. |
||
| 300 |
_axxix, 618 p. : _bill., map ; _c23 cm. |
||
| 500 | _aDistributer: Bacca | ||
| 504 | _aIncludes bibliographical references (p. 537-589) and index. | ||
| 511 | _aCatalogued by: Sara | ||
| 650 | 0 | _aSociology. | |
| 856 | 4 | 1 |
_3Table of contents _uhttp://www.loc.gov/catdir/toc/ecip0519/2005026713.html |
| 856 | 4 | 1 |
_3Publisher description _uhttp://www.loc.gov/catdir/enhancements/fy0659/2005026713-d.html |
| 856 | 4 | 1 |
_3Contributor biographical information _uhttp://www.loc.gov/catdir/enhancements/fy0734/2005026713-b.html |
| 942 |
_cBB _k301NEW |
||
| 999 |
_c8649 _d8649 |
||